000 00797nam a2200229 4500
999 _c2338
_d2338
001 2914
005 20210208123055.0
008 210208b ||||| |||| 00| 0 eng d
020 0 0 _a9993675617
090 0 0 _a378.5498 W2469r 2011
100 0 0 _aWangdi, Tendel.
245 0 0 _aརང་བྲིས་ལོ་རྒྱུས་བརྩོན་འགྲུས་ཀྱི་བསྐུལ་མ།
_cTendel Wangdi.
246 _a[Biography of Tendel Wangdi].
260 0 0 _aThimphu :
_bTendel Wangdi,
_c2011.
300 0 0 _a125 p.
500 _aTendel Wangdi is a Senior Lecturer at the National Traditional Medicine Hospital.
500 0 0 _aIn Dzongkha.
600 _a Wangdi, Tendel.
650 0 0 _aEducation, Higher --Bhutan.
650 0 0 _aEducators --Bhutan.
942 _2ddc
_cDZONGKHA